01510nam a2200397 a 4500001001200000003000800012006001900020007001500039008004100054010001700095020003100112020002700143040002100170035002100191050002400212082001800236245016100254260004300415300002400458490003500482504004100517533015200558650002700710650002800737650002600765650002100791655002900812700001900841700001900860700002100879710001600900710001700916830003600933856012600969999001701095ebr10580580CaPaEBRm u cr cn|||||||||120322s2012 dcua sb 000 0 eng d z 2012011906 z9780821387146 (alk. paper) z9780821387153 (e-book) aCaPaEBRcCaPaEBR a(OCoLC)80834443614aHD5715b.R54 2012eb04a658.3/12422304aThe right skills for the job?h[electronic resource] :brethinking training policies for workers /cRita Almeida, Jere Behrman, and David Robalino, editors. aWashington, D.C. :bWorld Bank,c2012. axvi, 169 p. :bill.1 aHuman development perspectives aIncludes bibliographical references. aElectronic reproduction.bPalo Alto, Calif. :cebrary,d2013.nAvailable via World Wide Web.nAccess may be limited to ebrary affiliated libraries. 0aOccupational training. 0aEmployeesxTraining of. 0aVocational education. 0aManpower policy. 7aElectronic books.2local1 aAlmeida, Rita.1 aBehrman, Jere.1 aRobalino, David.2 aWorld Bank.2 aebrary, Inc. 0aHuman development perspectives.40uhttp://site.ebrary.com/lib/rucke/Doc?id=10580580zAn electronic book accessible through the World Wide Web; click to view c84815d84815